Historias de amor de la historia de Francia : del gran Condé al Rey Sol /

Recorrido de la historia de Francia, pero desde el interior de las alcobas y la perspectiva de las relaciones de pareja de sus grandes personajes, cuyo cuarto volumen inicia con la regencia de Ana de Austria (1643-1651), durante la minoría de edad de Luis XIV, y conluye con la muerte de Felipe II de...

Descripció completa

Guardat en:
Dades bibliogràfiques
Autor principal: Breton, Guy (autor)
Altres autors: Pendaux, Michèle (traducción) (traducción)
Format: Llibre
Idioma:espanyol
Publicat: Barcelona, España : Bruguera, 1970, c1970
Col·lecció:(Libro Amigo ; 148)
Matèries:
Etiquetes: Afegir etiqueta
Sense etiquetes, Sigues el primer a etiquetar aquest registre!

MARC

LEADER 00000nam^a2200000^a^4500
001 000283440
005 20250624000000.0
008 081110 19701970
009 20260526134632.683
025 |a Donación sin dato, 1 ejemplar 
037 |a Acervo ITESO - Biblioteca 
041 |a ESP 
082 |a 944.  |b BRE V. 4 
100 |a Breton, Guy  |e (autor) 
240 1 1 |a [Historias de amor de la historia de Francia] 
240 1 1 |a [Historias de amor de la historia de Francia: del gran Condé al Rey Sol] 
245 1 0 |a Historias de amor de la historia de Francia :  |b del gran Condé al Rey Sol /  |c G. Breton ; tr. por M. Pendaux. 
264 4 |a Barcelona, España :  |b Bruguera,  |c 1970, c1970 
300 |a 331 p. :  |b tapa blanda 
336 |a texto  |b txt  |2 rdacontenido 
337 |a sin mediación  |b n  |2 rdamedio 
338 |a volumen  |b nc  |2 rdasoporte 
440 1 |a (Libro Amigo ;  |v 148) 
500 |a Traducción de: Histories d'amour de l'histoire de France: D'Anne d'Autriche au Régent 
520 |a Recorrido de la historia de Francia, pero desde el interior de las alcobas y la perspectiva de las relaciones de pareja de sus grandes personajes, cuyo cuarto volumen inicia con la regencia de Ana de Austria (1643-1651), durante la minoría de edad de Luis XIV, y conluye con la muerte de Felipe II de Orleans, regente de Luis XV (1715-1723). 
649 |a XX 
650 |a Mujeres -  |z Francia -  |x Historia -  |y Luis XIV, 1643-1715 
650 |a Mujeres -  |z Francia -  |x Historia -  |y Luis XV, 1715-1774 
650 |a Mujeres -  |z Francia -  |x Historia -  |y Período Clásico, 1515-1774 
650 |a Mujeres -  |z Francia -  |x Historia -  |y Borbones, 1589-1792 
650 |a Reyes Franceses 
650 |a Políticos Franceses 
650 |a Parejas y Familiares de Personajes Históricos Franceses 
650 |a Personajes Históricos Franceses 
650 |a Amor -  |z Francia -  |x Historia -  |y Luis XIV, 1643-1715 -  |x Tema Principal 
650 |a Amor -  |z Francia -  |x Historia -  |y Luis XV, 1715-1774 -  |x Tema Principal 
650 |a Amor -  |z Francia -  |x Historia -  |y Período Clásico, 1515-1774 -  |x Tema Principal 
650 |a Amor -  |z Francia -  |x Historia -  |y Borbones, 1589-1792 -  |x Tema Principal 
650 |a Relaciones de Pareja -  |z Francia -  |x Historia -  |y Luis XIV, 1643-1715 -  |x Tema Principal 
650 |a Relaciones de Pareja -  |z Francia -  |x Historia -  |y Luis XV, 1715-1774 -  |x Tema Principal 
650 |a Relaciones de Pareja -  |z Francia -  |x Historia -  |y Período Clásico, 1515-1774 -  |x Tema Principal 
650 |a Relaciones de Pareja -  |z Francia -  |x Historia -  |y Borbones, 1589-1792 -  |x Tema Principal 
650 |a Relaciones Intergénero -  |z Francia -  |x Historia -  |y Luis XIV, 1643-1715 -  |x Tema Principal 
650 |a Relaciones Intergénero -  |z Francia -  |x Historia -  |y Luis XV, 1715-1774 -  |x Tema Principal 
650 |a Relaciones Intergénero -  |z Francia -  |x Historia -  |y Período Clásico, 1515-1774 -  |x Tema Principal 
650 |a Relaciones Intergénero -  |z Francia -  |x Historia -  |y Borbones, 1589-1792 -  |x Tema Principal 
650 |a Vida Privada -  |z Francia -  |x Historia -  |y Luis XIV, 1643-1715 
650 |a Vida Privada -  |z Francia -  |x Historia -  |y Luis XV, 1715-1774 
650 |a Vida Privada -  |z Francia -  |x Historia -  |y Período Clásico, 1515-1774 
650 |a Vida Privada -  |z Francia -  |x Historia -  |y Borbones, 1589-1792 
650 |a Francia -  |x Historia -  |y Luis XIV, 1643-1715 
650 |a Francia -  |x Historia -  |y Luis XV, 1715-1774 
650 |a Francia -  |x Historia -  |y Período Clásico, 1515-1774 
650 |a Francia -  |x Historia -  |y Borbones, 1589-1792 
650 |a Francia -  |x Historia -  |x Difusión -  |x Tema Principal 
650 |a Luis XIV,  |c Rey de Francia 
650 |a Luis XV,  |c Rey de Francia 
700 |a Pendaux, Michèle  |e (traducción) 
910 |a Fondo General 
920 |a Impresos - Libros 
930 |a Colección General 
905 |a 101 
901 |a 0500169797  |b IT1  |c ACC  |d DT  |i D  |u 20250624 
902 |a https://opac.biblio.iteso.mx/vufind/Record/000283440